[Event "31. Open Villa de Benasque 2011"]
[Site "Benasque ESP"]
[Date "2011.07.16"]
[Round "10.2"]
[White "Delchev, Aleksander"]
[Black "Granda Zuniga, Julio E"]
[Result "1/2-1/2"]
[WhiteElo "2622"]
[BlackElo "2616"]
[PlyCount "53"]
[EventDate "2011.07.07"]
[EventType "swiss"]
[EventRounds "10"]
[EventCountry "ESP"]
[Source "lmi"]
[SourceDate "2011.07.07"]

1. Nf3 Nf6 2. c4 b6 3. g3 c5 4. Bg2 Bb7 5. O-O g6 6. d4 cxd4 7. Qxd4 Bg7 8. Nc3
d6 9. Rd1 Nbd7 10. Be3 Rc8 11. Rac1 O-O 12. Qh4 Re8 13. b3 Qc7 14. Bh6 Qb8 15.
Bxg7 Kxg7 16. Qd4 Bc6 17. Bh3 Rc7 18. Ne1 Nc5 19. Nc2 Nce4 20. Nxe4 Bxe4 21.
Ne3 h5 22. Qb2 b5 23. cxb5 Rxc1 24. Rxc1 Qxb5 25. Rc7 Qa5 26. Rc1 Rb8 27. Nc4
1/2-1/2

[Event "31. Open Villa de Benasque 2011"]
[Site "Benasque ESP"]
[Date "2011.07.16"]
[Round "10.3"]
[White "Timoshenko, Georgy"]
[Black "Saric, Ivan"]
[Result "0-1"]
[WhiteElo "2568"]
[BlackElo "2639"]
[PlyCount "108"]
[EventDate "2011.07.07"]
[EventType "swiss"]
[EventRounds "10"]
[EventCountry "ESP"]
[Source "lmi"]
[SourceDate "2011.07.07"]

1. e4 c5 2. Nf3 d6 3. d4 cxd4 4. Nxd4 Nf6 5. Nc3 Bd7 6. Bg5 e6 7. f4 Nc6 8. Qd2
h6 9. Bxf6 Qxf6 10. Ndb5 O-O-O 11. O-O-O a6 12. e5 dxe5 13. Ne4 Qxf4 14. Qxf4
exf4 15. Nbd6+ Kc7 16. Nxf7 Be7 17. Bc4 Rhf8 18. Nxd8 Nxd8 19. h4 Bc6 20. Rde1
b5 21. Bd3 Nf7 22. h5 Ne5 23. Rh3 Rf5 24. a3 Nxd3+ 25. cxd3 Be8 26. Reh1 b4 27.
axb4 Bxb4 28. g4 Ra5 29. Kb1 Bc6 30. Rc1 Kb7 31. Rc4 Be7 32. Rh2 Bd5 33. Rc3
Bb4 34. Rc1 e5 35. g5 hxg5 36. h6 gxh6 37. Rxh6 Bxe4 38. dxe4 Bc5 39. Rg6 Rb5
40. Rh1 Ka7 41. Rh7+ Rb7 42. Rxb7+ Kxb7 43. Rxg5 Bd4 44. Rg6 f3 45. Rf6 f2 46.
Kc2 Kc7 47. Kd3 Kb7 48. b3 Kc7 49. Kc4 Kb7 50. Kd5 Kc7 51. Rf7+ Kb6 52. Kc4 Be3
53. Rf6+ Kb7 54. Kb4 Bf4 0-1

[Event "31. Open Villa de Benasque 2011"]
[Site "Benasque ESP"]
[Date "2011.07.16"]
[Round "10.4"]
[White "Gruenfeld, Yehuda"]
[Black "Turov, Maxim"]
[Result "0-1"]
[WhiteElo "2496"]
[BlackElo "2630"]
[PlyCount "70"]
[EventDate "2011.07.07"]
[EventType "swiss"]
[EventRounds "10"]
[EventCountry "ESP"]
[Source "lmi"]
[SourceDate "2011.07.07"]

1. e4 e5 2. Nf3 Nc6 3. Bb5 a6 4. Ba4 Nge7 5. O-O g6 6. c3 Bg7 7. d4 exd4 8.
cxd4 b5 9. Bb3 O-O 10. Nc3 Na5 11. Re1 Nxb3 12. Qxb3 h6 13. Be3 d6 14. h3 c6
15. Ne2 Be6 16. Qc2 f5 17. Nf4 Bf7 18. exf5 Nxf5 19. Qxc6 g5 20. Ne2 Qc8 21.
Qxc8 Raxc8 22. Ng3 Nxg3 23. fxg3 Rc2 24. b3 Bd5 25. Rf1 Re2 26. Bf2 Bxf3 27.
gxf3 Rxf3 28. Rad1 Rxa2 29. b4 h5 30. g4 h4 31. Kg2 Rg3+ 32. Kh2 Rb3 33. Kg2
Rxb4 34. Kf3 d5 35. Rd3 Rbb2 0-1

[Event "31. Open Villa de Benasque 2011"]
[Site "Benasque ESP"]
[Date "2011.07.16"]
[Round "10.5"]
[White "Andriasian, Zaven"]
[Black "Moradiabadi, Elshan"]
[Result "1/2-1/2"]
[WhiteElo "2616"]
[BlackElo "2532"]
[PlyCount "37"]
[EventDate "2011.07.07"]
[EventType "swiss"]
[EventRounds "10"]
[EventCountry "ESP"]
[Source "lmi"]
[SourceDate "2011.07.07"]

1. e4 e5 2. Nf3 Nc6 3. Bc4 Bc5 4. c3 Nf6 5. d3 a6 6. O-O Ba7 7. Nbd2 d6 8. Bb3
O-O 9. Nc4 Be6 10. Bg5 Bxc4 11. Bxc4 h6 12. Bh4 Na5 13. Nd2 Qe7 14. Qf3 Nxc4
15. Nxc4 g5 16. Bg3 Ne8 17. Rad1 Qe6 18. b3 b5 19. Ne3 1/2-1/2

[Event "31. Open Villa de Benasque 2011"]
[Site "Benasque ESP"]
[Date "2011.07.16"]
[Round "10.6"]
[White "Naroditsky, Daniel"]
[Black "Stocek, Jiri"]
[Result "1/2-1/2"]
[WhiteElo "2451"]
[BlackElo "2596"]
[PlyCount "109"]
[EventDate "2011.07.07"]
[EventType "swiss"]
[EventRounds "10"]
[EventCountry "ESP"]
[Source "lmi"]
[SourceDate "2011.07.07"]

1. e4 e5 2. Nf3 Nc6 3. Bb5 a6 4. Ba4 Nf6 5. O-O Be7 6. Re1 d6 7. c3 Bg4 8. d3
O-O 9. Nbd2 Nd7 10. h3 Bh5 11. Nf1 Nc5 12. Bc2 d5 13. Ng3 Bg6 14. b4 Ne6 15. a3
dxe4 16. dxe4 Qxd1 17. Rxd1 Rfd8 18. Be3 f6 19. Rxd8+ Ncxd8 20. Bb3 Kf8 21. Nf5
a5 22. Rb1 axb4 23. axb4 Bf7 24. g3 Nc6 25. Nxe7 Nxe7 26. Nd2 Ra3 27. Kf1 Nd8
28. Ke2 Bxb3 29. Nxb3 Ne6 30. Bc1 Ra2+ 31. Rb2 Ra8 32. Rb1 Ra2+ 33. Rb2 Ra8 34.
Rb1 Nc8 35. Ra1 Rxa1 36. Nxa1 Nd6 37. f3 Ke8 38. Kd3 c5 39. bxc5 Nxc5+ 40. Ke2
Kd7 41. Be3 Na4 42. Kd3 Nb5 43. Bd2 Kc6 44. Nb3 b6 45. f4 Nd6 46. fxe5 fxe5 47.
Bc1 Kb5 48. Ba3 Nc5+ 49. Bxc5 bxc5 50. Nd2 c4+ 51. Kc2 Kc5 52. Kb2 Ne8 53. Kc2
Nf6 54. g4 h6 55. Nb1 1/2-1/2

[Event "31. Open Villa de Benasque 2011"]
[Site "Benasque ESP"]
[Date "2011.07.16"]
[Round "10.7"]
[White "Recuero Guerra, David"]
[Black "Burmakin, Vladimir"]
[Result "1/2-1/2"]
[WhiteElo "2441"]
[BlackElo "2579"]
[PlyCount "145"]
[EventDate "2011.07.07"]
[EventType "swiss"]
[EventRounds "10"]
[EventCountry "ESP"]
[Source "lmi"]
[SourceDate "2011.07.07"]

1. d4 c6 2. c4 Nf6 3. Nf3 d5 4. cxd5 cxd5 5. Nc3 e6 6. Bf4 Bd6 7. Bxd6 Qxd6 8.
e3 a6 9. Bd3 Nbd7 10. O-O O-O 11. Qa4 b6 12. a3 Bb7 13. Rac1 Rfc8 14. Na2 g6
15. Rxc8+ Rxc8 16. Rc1 Rxc1+ 17. Nxc1 Qc7 18. Qc2 Qxc2 19. Bxc2 Kf8 20. Kf1 Ne8
21. Nd3 Nd6 22. b3 f6 23. h4 Ke7 24. Ke2 h6 25. g3 g5 26. hxg5 hxg5 27. a4 a5
28. Nb2 Nf7 29. Nd2 e5 30. f3 Nd8 31. Bf5 Nc6 32. Kd3 Nf8 33. f4 gxf4 34. gxf4
Ba6+ 35. Kc3 exd4+ 36. exd4 Ne6 37. Bxe6 Kxe6 38. Nd1 Nb4 39. Ne3 Nd3 40. f5+
Kd6 41. Nb1 Nf4 42. Kb2 Ne2 43. Nc3 Nxc3 44. Kxc3 Be2 45. Kd2 Bf3 46. Ke1 Be4
47. Ke2 Kd7 48. Ke1 Kc6 49. Kd2 Bf3 50. Kd3 Kd7 51. Kd2 Ke7 52. Ke1 Kf7 53. Kf1
Be4 54. Kf2 Kf8 55. Kg3 Kg7 56. Kf4 Kf7 57. Kg3 Kf8 58. Kf2 Kg8 59. Kg3 Kh7 60.
Kf4 Kh6 61. Kg4 Kg7 62. Kg3 Kf7 63. Kf2 Ke7 64. Ke2 Kd7 65. Ke1 Kc6 66. Kd2 Bf3
67. Kd3 b5 68. axb5+ Kxb5 69. Kc3 a4 70. bxa4+ Kxa4 71. Nc2 Ka5 72. Ne3 Kb5 73.
Kb3 1/2-1/2

[Event "31. Open Villa de Benasque 2011"]
[Site "Benasque ESP"]
[Date "2011.07.16"]
[Round "10.9"]
[White "Marin, Mihail"]
[Black "Franco Ocampos, Zenon"]
[Result "1-0"]
[WhiteElo "2548"]
[BlackElo "2502"]
[PlyCount "91"]
[EventDate "2011.07.07"]
[EventType "swiss"]
[EventRounds "10"]
[EventCountry "ESP"]
[Source "lmi"]
[SourceDate "2011.07.07"]

1. d4 Nf6 2. Nf3 e6 3. e3 b6 4. Bd3 Bb7 5. O-O d5 6. b3 Nbd7 7. Bb2 Bd6 8. c4
O-O 9. Nc3 a6 10. Rc1 Qe7 11. Na4 Ne4 12. Ne5 dxc4 13. Nxc4 Rac8 14. f3 Nef6
15. Nxd6 cxd6 16. Ba3 Nd5 17. Qd2 b5 18. Nc3 Nxc3 19. Rxc3 Rxc3 20. Qxc3 Rc8
21. Qd2 Nf6 22. e4 Qd8 23. Rc1 Rxc1+ 24. Bxc1 e5 25. Bb2 Qb6 26. Qf2 Nd7 27.
dxe5 Qxf2+ 28. Kxf2 dxe5 29. Ke3 f6 30. g3 Kf7 31. Ba3 Nb8 32. Bd6 Nc6 33. a4
Nd4 34. axb5 axb5 35. b4 Bc6 36. f4 Ke6 37. Bc5 Nb3 38. Bb6 g6 39. Bc2 Na1 40.
Bb1 f5 41. exf5+ gxf5 42. fxe5 Nb3 43. Kf4 Be4 44. Bxe4 fxe4 45. Kxe4 Nd2+ 46.
Kf4 1-0

[Event "31. Open Villa de Benasque 2011"]
[Site "Benasque ESP"]
[Date "2011.07.16"]
[Round "10.10"]
[White "Esserman, Marc"]
[Black "Szabo, Krisztian"]
[Result "0-1"]
[WhiteElo "2453"]
[BlackElo "2542"]
[PlyCount "144"]
[EventDate "2011.07.07"]
[EventType "swiss"]
[EventRounds "10"]
[EventCountry "ESP"]
[Source "lmi"]
[SourceDate "2011.07.07"]

1. e4 e5 2. Nf3 Nc6 3. Bb5 a6 4. Ba4 Nf6 5. O-O b5 6. Bb3 Bc5 7. c3 d6 8. a4
Rb8 9. d4 Bb6 10. Na3 Bg4 11. axb5 axb5 12. Nxb5 O-O 13. Bc2 Bxf3 14. gxf3 Nh5
15. f4 Nxf4 16. Qg4 Qf6 17. Bxf4 exf4 18. b4 Nd8 19. Kh1 g6 20. Na7 Ra8 21. Nc8
Rxa1 22. Rxa1 Bxd4 23. cxd4 Ne6 24. e5 dxe5 25. dxe5 Qxe5 26. Ne7+ Kg7 27. Rd1
Qc3 28. Qe2 Ra8 29. Nd5 Qb2 30. Rb1 Qd4 31. Rd1 Qb2 32. Rb1 Qd4 33. Bb3 Ra1 34.
Rxa1 Qxa1+ 35. Kg2 Qd4 36. f3 c6 37. Ne7 Qd6 38. Bxe6 Qxe7 39. Bc4 Qg5+ 40. Kf1
Qf6 41. Qe4 Qd6 42. Qe2 Qxb4 43. Qe5+ Kf8 44. Qxf4 Qe7 45. Kg1 c5 46. h4 Kg7
47. Kf2 h5 48. Bd5 Kg8 49. Qe4 Qf6 50. Kg3 Kg7 51. Qf4 Qe7 52. Bc4 Qe1+ 53. Kg2
Qe7 54. Qg5 Qd6 55. Qd5 Qf4 56. Kh3 Qf6 57. Kg2 Qf4 58. Kh3 Qf6 59. Bd3 Qe7 60.
Be4 Qc7 61. Bd3 Qe7 62. Qe4 Qd7+ 63. Kg3 Qd6+ 64. f4 Qd7 65. Be2 Kg8 66. Bf3
Qc7 67. Qe8+ Kg7 68. Qe4 Kg8 69. Be2 Qd7 70. Qe5 Qc8 71. Qd6 Kg7 72. Kf2 Kg8
0-1